How well do you know LeBron James - Statistics

General Stats
  • This quiz has been taken 1,974 times
  • The average score is 8 of 13
Answer Stats
Hint Answer % Correct
2nd number in nba 6
89%
year drafted 2003
86%
1st number in nba 23
83%
2nd team played for heat
82%
Age drafted 18
78%
height 6'8
75%
1st team selected in nba cavaliers
65%
Birthday December 30
54%
weight 250
53%
High school St vincent st mary
46%
Moms name Gloria
35%
The fab? 5
24%
Street as a Child Hickory
2%
No matching quizzes found
Score Distribution
Percent of People with Each Score
Percentile by Number Answered
Your Score History
You have not taken this quiz